000 00489nam a2200169Ia 4500
003 GCL
008 140319s9999 xx 000 0 ara d
040 _aGCL /
_cGCL
082 0 4 _a658.1
_bم ا
100 1 _aمحمد سويلم
245 1 0 _aالادارة المالية /
_cمحمد سويلم
260 _a[S.N] :
_bمؤسسة مصر
300 _a408 ص
490 _aالسلسلة الشعرية الثانية
_v0
650 0 4 _aالادارة المالية
942 _2ddc
_cBK
999 _c48668
_d48668